00235nam a2200085Ia 4500008004100000100001900041245003800060260004200098260000900140170620s9999 xx 000 0 und d aEdiger- Marlow 0aTeaching Mathematics Successfully bNew Delhi- Discovery Publishing House c2004